• 首页
  • 本馆介绍
  • 公告通知
  • 最新文献
  • 馆藏检索
  • 电子资源
  • 读者导购
  • 参考咨询
  • 我的图书馆
  • 登录
  • 详细信息显示
  • 放入我的书架
  • 预约/预借图书
  • 作者相关作品
  • 分类相关作品
  • 丛书相关作品
  • 出版社相关作品

书目信息

  • 表格格式
  • 工作单格式
  • 卡片格式
题名:
伦敦所见中国小说书目提要
    
 
作者: 柳存仁 编著
分册:  
出版信息: 北京   书目文献出版社  1982.12
页数: 269页
开本: 20cm
丛书名: 文史哲研究资料丛书
单 册:
中图分类: Z88:I242
科图分类:
主题词: 专题目录 , 专科目录
电子资源:
ISBN:
000 00650nam0 2200229 45
001 0181015614
005 20060622095150.00
010    @dCNY1.25
091    @a10201.11
100    @a20810111d km y0chiy0120 ea
101 0  @achi
200 1  @a伦敦所见中国小说书目提要@ALun Dun Suo Jian Zhong Guo Xiao Shuo Shu Mu Ti Yao@f柳存仁编著@FLiu Cun Ren Bian Zhu
210    @a北京@c书目文献出版社@d1982.12
215    @a269页@d20cm
225    @a文史哲研究资料丛书
410    @12001 @a文史哲研究资料丛书
606 0  @a专题目录
606 0  @a专科目录
690    @aZ88:I242@v3
701  0 @a柳存仁@4编著
801    @aCN@bTSTC@c20060622
905    @dZ88:I242@e10
    
    伦敦所见中国小说书目提要/柳存仁编著.-北京:书目文献出版社,1982.12
    269页;20cm.-(文史哲研究资料丛书)
    
    
    ISBN :CNY1.25
    
●
相关链接 在E读中查询图书 在五车中查询图书 在当当中查询图书 在豆瓣中查询图书


正题名:伦敦所见中国小说书目提要     索取号:Z88:I242/10         预约/预借

序号 登录号 条形码 馆藏地/架位号 状态 备注
1 0088188   001712702   密集书库/ [索取号:Z88:I242/10] 在馆    
2 0088189   001712141   密集书库/ [索取号:Z88:I242/10] 在馆    
3 0088190   001712150   密集书库/ [索取号:Z88:I242/10] 在馆    
4 0114974   001556701   第二样本阅览室/ [索取号:Z88:I242/10] 在馆    
5 0114975   202185795   密集书库/ [索取号:Z88:I242/10] 在馆    
6 0114976   001556694   第三借阅区/ [索取号:Z88:I242/10] 在馆    
7 0114977   202328739   密集书库/ [索取号:Z88:I242/10] 在馆    
8 0114978   202328720   密集书库/ [索取号:Z88:I242/10] 在馆    
9 0420516   204205163   密集书库/ [索取号:Z88:I242/10] 在馆    
10 0420517   204205172   密集书库/ [索取号:Z88:I242/10] 在馆    
唐山师范学院图书馆 欢迎您!
大连网信软件有限公司© 版权所有